The caregiving dilemma : work in an American nursing home /

Bibliographic Details
Main Author: Foner, Nancy, 1945-
Corporate Author: NetLibrary, Inc
Format: eBook
Language:English
Published: Berkeley : University of California Press, 1995.
Edition:1st. pbk. edition.
Subjects:
Online Access:Connect to the full text of this electronic book

MARC

Tag First Indicator Second Indicator Subfields
LEADER 00000cam a2200000La 4500
001 in00001640413
005 20220105104642.0
006 m u
007 cr cn-
008 001010t19951994cau sb 001 0 eng d
020 |a 0585130019 (electronic bk.) 
020 |z 0520203372 
035 |a (OCoLC)ocm43476613 
040 |a N$T  |c N$T  |d OCL  |d UtOrBLW 
049 |a IKMN 
050 1 4 |a RT120.L64  |b F66 1995eb 
100 1 |a Foner, Nancy,  |d 1945-  |0 http://id.loc.gov/authorities/names/n83238352 
245 1 4 |a The caregiving dilemma :  |b work in an American nursing home /  |c Nancy Foner. 
250 |a 1st. pbk. edition. 
264 1 |a Berkeley :  |b University of California Press,  |c 1995. 
264 4 |c ©1994 
300 |a ix, 190 pages ;  |c 24 cm. 
336 |a text  |b txt  |2 rdacontent 
337 |a computer  |b c  |2 rdamedia 
338 |a online resource  |b cr  |2 rdacarrier 
504 |a Includes bibliographical references (pages 173-181) and index. 
533 |a Electronic reproduction.  |b Boulder, Colo. :  |c NetLibrary,  |d 2000.  |n Available via the World Wide Web.  |n Available in multiple electronic file formats.  |n Access may be limited to NetLibrary affiliated libraries. 
500 |a Electronic resource. 
650 0 |a Nursing home care.  |0 http://id.loc.gov/authorities/subjects/sh85093392 
650 0 |a Nurses' aides  |x Job stress. 
650 0 |a Long-term care of the sick.  |0 http://id.loc.gov/authorities/subjects/sh85078277 
653 0 |a Residential care  |a Personnel 
650 1 2 |a Long-Term Care.  |0 https://id.nlm.nih.gov/mesh/D008134 
650 2 2 |a Nursing Homes.  |0 https://id.nlm.nih.gov/mesh/D009735 
650 2 2 |a Nursing Assistants.  |0 https://id.nlm.nih.gov/mesh/D009728 
650 2 2 |a Stress, Psychological.  |0 https://id.nlm.nih.gov/mesh/D013315 
650 2 2 |a Job Satisfaction.  |0 https://id.nlm.nih.gov/mesh/D007588 
655 7 |a Electronic books.  |2 local 
710 2 |a NetLibrary, Inc.  |0 http://id.loc.gov/authorities/names/no99080690 
776 1 |c Original  |w (OCoLC)37528945 
856 4 1 |u https://proxy.library.tamu.edu/login?url=http://www.netlibrary.com/urlapi.asp?action=summary&v=1&bookid=11696  |z Connect to the full text of this electronic book  |t 0 
994 |a 92  |b IKM 
999 |a MARS 
999 f f |s 62ec9dc1-f049-3110-b04d-86e1ae1e32c0  |i a63fec24-2310-30b5-9bb5-8e8020d9ba7a  |t 0 
952 f f |a Texas A&M University  |b College Station  |c Electronic Resources  |d Available Online  |t 0  |e RT120.L64 F66 1994eb  |h Library of Congress classification 
998 f f |a RT120.L64 F66 1994eb  |t 0  |l Available Online